Diseases and parasites of cattle

Bibliographic Details
Other Authors: Hambidge, Gove
Format: Book
Published: New Dehli : Biotech Books , 2004
Subjects:

MARC

LEADER 00000cam a2200000 7i4500
001 0000017951
005 20080603.0
008 080602
020 |a 817622085x 
090 0 0 |a 636.2   |b DIS 
245 1 0 |a Diseases and parasites of cattle   |c editor Gove Hambidge 
260 |a New Dehli :   |b Biotech Books ,   |c 2004 
500 |a include index 
504 |a Includes bibliographical references 
650 0 |a Cattel   |x parasites 
650 0 |a Cattle   |x diseases 
700 1 |a Hambidge, Gove 
999 |a 0001019638   |b Book   |c Adult Collection   |e Perbadanan Perpustakaan Awam Johor